000 00412nam a22001457a 4500
005 20260417101001.0
008 250409b |||||||| |||| 00| 0 eng d
080 _a159.923.2
_bSIV/S
100 _a Sivananda,Swami
245 _aStudents' success in life
260 _bThe divine life society.
_aUttarakhand.
_c2025.
300 _a120p.
653 _aPersonality development-Individual psychology
942 _cOO
999 _c114972
_d114971